|
|
|
|
| LEADER |
00998nam a22002177a 4500 |
| 001 |
42267 |
| 003 |
BD-DhAAL |
| 005 |
20240324142903.0 |
| 008 |
240324t2006 bg ||||| |||| 00| 0 ben d |
| 020 |
|
|
|a 9844331064
|
| 082 |
|
|
|a 320.95492
|2 23
|
| 100 |
|
|
|a রহমান, মাহবুবর.
|9 18652
|
| 245 |
|
|
|a অবাক আলির নিষিদ্ধ পল্লী ও অন্যান্য কথা /
|c মাহবুবর রহমান.
|
| 264 |
|
|
|a ঢাকা :
|b হাক্কানী পাবলিশার্স :
|c ২০০৬.
|
| 300 |
|
|
|a ১০৩ পৃষ্ঠা ;
|c ২২ সে.মি
|
| 541 |
|
|
|a Donated By Rebecca Dipa Khan
|e 42267
|
| 650 |
|
|
|a Politics and government.
|
| 651 |
|
|
|a Bangladesh
|x Politics and government.
|
| 942 |
|
|
|2 ddc
|c BK
|
| 999 |
|
|
|c 46480
|d 46480
|
| 952 |
|
|
|0 0
|1 0
|2 ddc
|4 0
|6 320_954920000000000_RAH
|7 0
|9 75289
|a BRACUL
|b BRACUL
|c GEN
|d 2024-03-24
|e Donated By Rebecca Dipa Khan
|g 110.00
|l 0
|o 320.95492 RAH
|p 3010042267
|r 2024-03-24
|t 1
|w 2024-03-24
|y BK
|